Les maisons dans Game of Thrones - Statistiques

Statistiques générales
  • Ce quiz a été pris 1 408 fois
  • Le résultat moyen est 13 sur 20
Statistiques - réponses
Hint Réponse % Correct
Cersei Lannister
99%
Eddard Stark
99%
Daenerys Targaryen
97%
Robert Baratheon
96%
Jorah Mormont
89%
Olenna Tyrell
88%
Oberyn Martell
82%
Walder Frey
80%
Yara Greyjoy
77%
Ser Gregor Clegane
70%
Edmure Tully
68%
Peter Baelish
65%
Ser Barristan Selmy
55%
Jon Arryn
53%
Grand Maester Pycelle
37%
Maester Aemon
30%
Ser Allistair Thorne
27%
Maester Luwin
25%
Ser Rodrick Cassel
19%
Yohn Royce
10%
Aucun quiz correspondant
Distribution des résultats
% des personnes avec chaque résultat
Percentile par nombre de réponses
Votre historique - résultats
Vous n’avez pas pris ce quiz